[Event "San Cristobal de La Laguna op 2nd"]
[Site "San Cristobal de La Laguna"]
[Date "2019.08.31"]
[Round "1"]
[White "Hernandez Leon, Alberto"]
[Black "Rodriguez Molina, Mario"]
[Result "1-0"]
[WhiteElo "2266"]
[BlackElo "1607"]
[PlyCount "95"]
[EventDate "2019.08.31"]
[EventType "swiss"]
[EventRounds "9"]
[EventCountry "ESP"]
[SourceTitle "EXT 2020"]
[Source "ChessBase"]
[SourceDate "2019.10.17"]
[SourceVersion "1"]
[SourceVersionDate "2019.10.17"]
[SourceQuality "1"]

1. d4 d6 2. e4 Nf6 3. Nc3 e5 4. Nf3 Nbd7 5. Bc4 Be7 6. 0-0 0-0 7. h3 a6 8. a4 b6 9. Re1 Bb7 10. Nd5 exd4 11. Nxd4 Nc5 12. Nf5 Nxd5 13. exd5 Bf6 14. c3 Qd7 15. Nd4 Rfe8 16. Be3 Re7 17. Qc2 Rae8 18. b4 Ne4 19. Qd3 Bg5 20. Bxg5 Nxg5 21. Rxe7 Qxe7 22. Bxa6 Bxd5 23. Bb5 Qe4 24. Qg3 c6 25. Bd3 Qe5 26. Qxe5 dxe5 27. Re1 Kf8 28. Nf5 g6 29. Ne3 f5 30. Nxd5 cxd5 31. a5 bxa5 32. bxa5 e4 33. Bb5 Ra8 34. Ra1 Nf7 35. Bc6 Ra7 36. Bxd5 Nd6 37. a6 Nb5 38. c4 Nc7 39. Bb7 Ke7 40. c5 Ne6 41. c6 Kd6 42. Rd1+ Kc5 43. Rd7 Kb6 44. Rxh7 Nc7 45. Rxc7 Kxc7 46. h4 Kd6 47. g4 fxg4 48. Kg2 1-0

[Event "Canarias-chT"]
[Site "Vecindario"]
[Date "2018.06.02"]
[Round "4.3"]
[White "De Varona Frolov, Serguei R"]
[Black "Rodriguez Molina, Mario"]
[Result "1/2-1/2"]
[WhiteElo "1583"]
[BlackElo "1531"]
[PlyCount "63"]
[EventDate "2018.05.31"]
[EventType "team-swiss"]
[EventRounds "6"]
[EventCountry "ESP"]
[SourceTitle "EXT 2019"]
[Source "ChessBase"]
[SourceDate "2018.10.10"]
[SourceVersion "1"]
[SourceVersionDate "2018.10.10"]
[SourceQuality "1"]
[WhiteTeam "Panaderia Pulido San Mateo"]
[BlackTeam "Isla Bonita"]
[WhiteTeamCountry "ESP"]
[BlackTeamCountry "ESP"]

1. Nf3 Nf6 2. e3 e6 3. d4 d5 4. Bd3 c5 5. b3 Nc6 6. Nbd2 cxd4 7. exd4 Bb4 8. Bb2 Qa5 9. 0-0 Bc3 10. Bxc3 Qxc3 11. Bb5 0-0 12. Bxc6 Qxc6 13. c4 b6 14. Ne5 Qd6 15. Ndf3 Ba6 16. Rc1 Rac8 17. Qe2 Rc7 18. Rfd1 Rfc8 19. h3 Qb4 20. Qd2 Qxd2 21. Nxd2 Ne8 22. Ng4 dxc4 23. bxc4 Bxc4 24. Nxc4 Rxc4 25. Rxc4 Rxc4 26. Ne3 Rc8 27. d5 Rd8 28. Kf1 exd5 29. Rxd5 Rxd5 30. Nxd5 Nf6 31. Ne7+ Kf8 32. Nc8 1/2-1/2

[Event "Isla de la Palma Semana Santa op 3rd"]
[Site "Isla de la Palma"]
[Date "2018.03.27"]
[Round "5"]
[White "Rodriguez Molina, Mario"]
[Black "Andrades Campo, Francisco"]
[Result "0-1"]
[WhiteElo "1489"]
[BlackElo "1951"]
[PlyCount "102"]
[EventDate "2018.03.24"]
[EventType "swiss"]
[EventRounds "7"]
[EventCountry "ESP"]
[SourceTitle "CBM 183 Extra"]
[Source "ChessBase"]
[SourceDate "2018.04.19"]
[SourceVersion "1"]
[SourceVersionDate "2018.04.19"]
[SourceQuality "1"]

1. e4 e5 2. Nf3 Nc6 3. Bc4 Nf6 4. d3 Bc5 5. Bg5 h6 6. Bh4 d6 7. h3 g5 8. Bg3 Qe7 9. Qd2 Be6 10. Bb5 Bd7 11. Nc3 Nd8 12. Bxd7+ Qxd7 13. h4 g4 14. Nh2 h5 15. Nf1 Ne6 16. Ne3 Nd4 17. Ne2 Nxe2 18. Qxe2 0-0-0 19. 0-0-0 Rdg8 20. Nf5 Qe6 21. Kb1 Nd7 22. Qd2 Bb6 23. Rdf1 Nf6 24. Ne3 c6 25. Nc4 Bc7 26. f4 gxf3 27. Rxf3 d5 28. exd5 cxd5 29. Ne3 e4 30. Qc3 Rxg3 31. Rxg3 Qd6 32. Rg5 d4 33. Nf5 dxc3 34. Nxd6+ Bxd6 35. bxc3 e3 36. Re1 Ng4 37. Rf5 f6 38. Rf3 Ba3 39. Rf5 a6 40. c4 Bb4 41. Re2 Bc3 42. a3 Be5 43. Rf3 Kd7 44. Ka2 Ke6 45. Kb3 f5 46. c3 f4 47. d4 Bc7 48. Kb4 Kf5 49. Kc5 Ke4 50. d5 Ne5 51. Rf1 Nd3# 0-1